| Tag |
First Indicator |
Second Indicator |
Subfields |
| LEADER |
00000nmm a22000001a 4500 |
| 001 |
in00004615213 |
| 006 |
m|||||o||m|||||||| |
| 007 |
cr|cn |||uuuuu |
| 008 |
221118s2022 xxu||||eo|||| ||||||eng d |
| 005 |
20221207214716.5 |
| 035 |
|
|
|a (TxWaIVM)IV86015HuMa
|
| 040 |
|
|
|a TxWaIVM
|c TxWaIVM
|
| 245 |
0 |
0 |
|a Makhno : Ukrainian Freedom Fighter /
|c powered by Library Pass.
|
| 260 |
3 |
|
|a [United States] :
|b Humanoids,
|c 2022.
|
| 300 |
|
|
|a 1 online resource.
|
| 336 |
|
|
|a text
|b txt
|2 rdacontent
|
| 337 |
|
|
|a computer
|b c
|2 rdamedia
|
| 338 |
|
|
|a online resource
|b cr
|2 rdacarrier
|
| 520 |
|
|
|a The spellbinding true story of the infamous Ukrainian anarchist and revolutionary. 1 VOLUME RELEASED - INDEPENDENT STORIES. In early 20th century Ukraine, freedom fighter Nestor Makhno, the son of peasants, was among the most heroic and colorful figures of the Russian Revolution, encouraging his people to find and embrace social and economic self-determination. This is his story, of a military strategist who tirelessly defied both the Bolsheviks and the Germans to protect his homeland.
|
| 521 |
|
|
|a 4
|
| 538 |
|
|
|a Requires a valid library card and registration for new users.
|
| 538 |
|
|
|a Mode of access: World Wide Web.
|
| 538 |
|
|
|a System requirements: Flash 10.1 or higher, Windows XP and higher, Internet Explorer 7 and higher, Firefox 3.6 and higher, Google Chrome; Max OS 10.5 and higher, Safari 4 and higher.
|
| 650 |
|
0 |
|a Comic books, strips, etc.
|
| 655 |
|
7 |
|a Electronic books.
|2 local
|
| 655 |
|
7 |
|a Comic books, strips, etc.
|2 gsafd
|
| 650 |
|
0 |
|a Biographical comic books, strips, etc.
|
| 655 |
|
7 |
|a Biographical comic books, strips, etc.
|2 gsafd
|
| 650 |
|
0 |
|a Comic books, strips, etc. --History
|
| 655 |
|
7 |
|a Comic books, strips, etc. --History
|2 gsafd
|
| 650 |
|
0 |
|a Literary
|
| 655 |
|
7 |
|a Literary
|2 gsafd
|
| 650 |
|
0 |
|a Comic books, strips, etc. --Military
|
| 655 |
|
7 |
|a Comic books, strips, etc. --Military
|2 gsafd
|
| 700 |
1 |
|
|a Thirault, Philippe.
|e writer.
|
| 700 |
1 |
|
|a Zaghi, Roberto.
|e artist.
|
| 710 |
2 |
|
|a Library Pass, LLC.
|
| 856 |
4 |
0 |
|u http://proxy.library.tamu.edu/login?url=https://tamu.librarypass.com/product/humanoids.makhno.ukrainian.freedom.fighter.english.01042022
|z Connect to this electronic book (First time users create your free account)
|t 0
|
| 955 |
|
|
|a Comics Plus.
|
| 999 |
f |
f |
|s 218efb02-0a5b-4c02-b632-d36bd057014a
|i 01efca70-9fb0-498b-a40e-d00e20968a56
|t 0
|
| 952 |
f |
f |
|a Texas A&M University
|b College Station
|c Electronic Resources
|d Available Online
|t 0
|h Library of Congress classification
|
| 998 |
f |
f |
|t 0
|l Available Online
|